Music Quiz

Random Music or Popular Quiz

Artists who've never had #1 Hot 100 hit Quiz Stats

Quiz not verified by Sporcle

Challenge
Share
Tweet
Embed
Score 0/80 Timer 14:00
0 Plays Today
Biggest Hot 100 Hit (peak, year) Artist % Correct
Smells Like Teen Spirit (#6, 1991)Nirvana
84.8%
Losing My Religion (#4, 1991)R.E.M.
83%
Boulevard of Broken Dreams (#2 - 5 wks, 2005)Green Day
82.4%
Like A Rolling Stone (#2 - 2 wks, 1965)Bob Dylan
77%
Free Fallin' (#7, 1989)Tom Petty
75.9%
All Along The Watchtower (#20, 1968)Jimi Hendrix
71%
Under the Bridge (#2, 1992)Red Hot Chili Peppers
69.9%
Dancing in the Dark (#2 - 4 wks, 1984)Bruce Springsteen
69.8%
Proud Mary (#2 - 3 wks, 1969)Creedence Clearwater Revival
69.5%
Party in the U.S.A. (#2 -- 2 weeks, 2009)Miley Cyrus
68.4%
Sweet Home Alabama (#8, 1974)Lynyrd Skynyrd
66.4%
All I Wanna Do (#2 - 6 wks, 1994)Sheryl Crow
66.3%
Whole Lotta Love (#4, 1970)Led Zeppelin
64.8%
Ironic (#4, 1996)Alanis Morissette
64.2%
You're Still the One (#2 - 9 wks, 1998)Shania Twain
61.4%
We Got The Beat (#2 - 3 wks, 1982)Go-Go's
60.4%
Sunshine of Your Love (#5, 1968)Cream
60%
Open Arms (#2 - 6 wks, 1982)Journey
57.2%
Walk This Way (#4, 1986)Run-DMC
57%
A Boy Named Sue (#2, 1969)Johnny Cash
56.1%
Quit Playing Games (With My Heart) (#2 - 2 wks, 1997)Backstreet Boys
55.8%
Rock the Casbah (#8, 1983)The Clash
52.6%
Burning Down the House (#9, 1983)Talking Heads
50.9%
She's A Lady (#2, 1971)Tom Jones
50.3%
Stand By Me (#4, 1961)Ben E King
50%
I Can See For Miles (#9, 1967)The Who
49.6%
Iron Man (#52, 1972)Black Sabbath
49.6%
Beth (#7, 1976)KISS
48.8%
Blueberry Hill (#2 - 3 wks, 1957)Fats Domino
45.9%
Always On My Mind (#5, 1982)Willie Nelson
45.8%
Nights In White Satin (#2 - 2 wks, 1972)Moody Blues
44.8%
Crazy (#9, 1961)Patsy Cline
42.9%
Drive (#3, 1984)The Cars
41.2%
Touch of Grey (#9, 1987)Grateful Dead
40.5%
Back on the Chain Gang (#5, 1982)The Pretenders
39.6%
Last Kiss (#2, 1999)Pearl Jam
39.2%
You Were Meant For Me (#2 - 2 wks, 1997)Jewel
37.9%
Rikki Don't Lose That Number (#4, 1974)Steely Dan
37.8%
Work It (#2 - 10 wks, 2002)Missy Elliott
37.3%
I Got You (#3, 1965)James Brown
37.2%
Biggest Hot 100 Hit (peak, year) Artist % Correct
Come Dancing (#6, 1982)The Kinks
33.9%
Wind of Change (#4, 1991)Scorpions
33.6%
Name (#5, 1995)Goo Goo Dolls
32%
Dancing In The Street (#2 - 2 wks, 1964)Martha & the Vandellas
31.9%
Roots, Rock, Raggae (#51, 1976)Bob Marley
31.7%
Stand By Your Man (#19, 1969)Tammy Wynette
30.9%
Hush (#4, 1968)Deep Purple
29.7%
Domino (#9, 1971)Van Morrison
29.1%
Until It Sleeps (#10, 1996)Metallica
28%
Moneytalks (#23, 1990)AC/DC
27.9%
Veronica (#19, 1989)Elvis Costello
27.8%
Long Cool Woman (#2 - 2 wks, 1972)The Hollies
26.9%
Poison (#7, 1989)Alice Cooper
26.5%
Somebody's Baby (#7, 1982)Jackson Browne
25.9%
My Lovin' (#2 - 3 wks, 1992)En Vogue
24.8%
Long Tall Sally (#6, 1956)Little Richard
23.9%
Spinning Wheel (#2 - 3 wks, 1969)Blood, Sweat & Tears
23.8%
For Your Love (#6, 1965)Yardbirds
23.1%
You Don't Have To Say You Love Me (#4, 1966)Dusty Springfield
22.3%
Hanginaround (#22, 1999)Counting Crows
22.1%
Valley Girl (#32, 1982)Frank Zappa
21.1%
Sleeping Bag (#8, 1985)ZZ Top
19.2%
The Cisco Kid (#2 - 2 wks, 1973)War
18.5%
Reminiscing (#3, 1978)Little River Band
18.4%
Young Girl (#2 - 3 wks, 1968)Gary Puckett & the Union Gap
16.6%
I'm In You (#2 - 3 wks, 1977)Peter Frampton
14.8%
Just A Song Before I Go (#7, 1977)Crosby, Stills & Nash
14.7%
Midnight Confessions (#5, 1968)Grass Roots
14.6%
I Wanna Love You Forever (#3, 1999)Jessica Simpson
13.2%
It's Your Thing (#2, 1969)Isley Brothers
12.3%
Tell It Like It Is (#2, 1967)Aaron Neville
12.2%
Help Me (#7, 1974)Joni Mitchell
12.2%
He'll Have To Go (#2 - 3 wks, 1960)Jim Reeves
12.1%
Tell Mama (#23, 1968)Etta James
11.7%
The Rain, The Park & Other Things (#2 - 2 wks, 1967)The Cowsills
11.1%
Lost In You (#5, 1999)Garth Brooks
5.6%
Mack the Knife (#27, 1960)Ella Fitzgerald
5.3%
Night (#4, 1960)Jackie Wilson
5.1%
Boll Weevil Song (#2 - 3 wks, 1961)Brook Benton
4.7%
What a Difference a Day Made (#8, 1959)Dinah Washington
4.3%

You're not logged in!

Compare scores with friends on all Sporcle quizzes.
Join for Free
OR
Log In

You Might Also Like...

Show Comments

Extras

Top Quizzes Today


Score Distribution

Your Account Isn't Verified!

In order to create a playlist on Sporcle, you need to verify the email address you used during registration. Go to your Sporcle Settings to finish the process.

Report this User

Report this user for behavior that violates our Community Guidelines.

Details: